El agua envenenada. (Registro nro. 437051)

Detalles MARC
000 -LÍDER
Campo fijo de descripción fija 00572nam a22002057a 4500
003 - IDENTIFICADOR DEL NÚMERO DE CONTROL
Campo de control BCEG
005 - FECHA Y HORA DE LA ULTIMA TRANSACCIÓN
control field 20260122152851.0
008 - ELEMENTOS DE LONGITUD FIJA -- INFORMACIÓN GENERAL
Campo fijo de descripción fija -- Información general 260122s1961 mx |||||||||||||||| spa d
020 ## - ISBN
Isbn 9681616073
040 ## - FUENTE DE CATALOGACIÓN
Agencia de catalogación original BCEG
Idioma de catalogación spa
Agencia que realiza la transcripción BCEG
082 04 - NÚMERO DE CLASIFICACIÓN DECIMAL DEWEY
Número de clasificación M863.4
Clave de autor-Numero de item B475a
100 1# - ASIENTO PRINCIPAL--NOMBRE PERSONAL
Nombre del autor personal Benítez, Fernando,
Fechas asociadas con el nombre 1912-2000.
245 13 - TÍTULO PROPIAMENTE DICHO
Título El agua envenenada.
260 ## - PUBLICACIÓN, DISTRIBUCIÓN, ETC. (PIE DE IMPRENTA)
Lugar de publicación, distribución, etc. México :
Nombre del editor, distribuidor, etc. Fondo de Cultura Económica : Secretaría de Educación Pública,
Fecha de publicación, distribución, etc. 1961.
300 ## - DESCRIPCIÓN FÍSICA
Extensión 182 p.
490 ## - MENCIÓN DE SERIE
Mención de serie Lecturas Mexicana ;
Designación numérica/secuencial del volumen 45.
541 ## - NOTA DE FUENTE INMEDIATA DE ADQUISICIÓN
Nota de fuente de adquisición Donación.
650 14 - ASIENTO SECUNDARIO DE MATERIA - TERMINO TEMÁTICO
Término temático o nombre geográfico como elemento de entrada Novela mexicana.
942 ## - TIPO DE MATERIAL (KOHA)
Tipo de Item KOHA Libro
Existencias
No para Préstamo Colección Biblioteca de Origen Biblioteca Permanente Fecha de Adquisición Fuente de Adquisicion Total de Préstamos Signatura Topográfica Código de Barras Última vez visto Tipo de Material
Material en Reserva General Biblioteca Central Estatal de Guanajuato, "Wigberto Jiménez Moreno" Biblioteca Central Estatal de Guanajuato, "Wigberto Jiménez Moreno" 22/01/2026 DONAD   M863.4 B475a BCEG8655230775 22/01/2026 Libro